[Event "Sinquefield Cup 6th"]
[Site "Saint Louis"]
[Date "2018.08.25"]
[Round "7"]
[White "Carlsen, Magnus"]
[Black "Caruana, Fabiano"]
[Result "1/2-1/2"]
[WhiteElo "2842"]
[BlackElo "2822"]
[Annotator "Roiz,M"]
[PlyCount "82"]
[EventDate "2018.08.18"]
[EventType "tourn"]
[EventRounds "9"]
[EventCountry "USA"]
[EventCategory "22"]
[SourceTitle "CBM 186"]
[Source "ChessBase"]
[SourceDate "2018.09.14"]
[SourceVersion "1"]
[SourceVersionDate "2018.09.14"]
[SourceQuality "1"]

1. e4 e5 2. Nf3 Nf6 3. Nxe5 d6 4. Nf3 Nxe4 5. Nc3 Nxc3 6. dxc3 Be7 7. Be3 Nc6
8. Bc4 $5 {This move is almost unexplored on a high level.} O-O ({After} 8...
Bf6 9. Qe2 O-O 10. O-O-O Re8 11. h3 Be6 12. Bxe6 Rxe6 13. g4 {Dubov,D -
Fridman,D Tbilisi 2017, White had a definite initiative on the k-side and
eventually won.}) (8... Be6 9. Bxe6 fxe6 {, as was checked in a few games
doesn't seem to fully solve Black's problems in view of} 10. h4 $1 Qd7 11. Ng5
e5 12. Qd5 Bxg5 13. hxg5 $14) 9. Qd2 ({Another possibility was} 9. Qe2 Re8 10.
O-O-O Bg4 {, though White's queen is placed rather awkwardly here. For
instance,} 11. h3 Bxf3 12. gxf3 Bg5 13. f4 Bxf4 14. Bxf7+ Kxf7 15. Qc4+ Kf8 16.
Qxf4+ Qf6 $11) 9... Bf5 ({A move deserving serious attention is} 9... Ne5 $5
10. Nxe5 dxe5 11. O-O-O Qxd2+ 12. Rxd2 Bf5 13. Re1 Rfe8 {, and then in 1
correspondence game Black managed to slowly liquidate White's pressure along
central files. However, play of such a character would most likely suit Magnus.
}) 10. O-O-O Qd7 11. Kb1 $146 {This typical prophylactic move is a novelty.} ({
The previously played} 11. Rhe1 Rae8 12. Bd5 Be6 13. c4 Bf6 14. Bg5 Bxg5 15.
Qxg5 h6 {led to equal position in Takacs,B - Horvath,I Hungary 2008}) ({
Another interesting try was} 11. h3 $5 Na5 12. Bd3 {, and the effect} Qa4 13.
Kb1 Nc4 {doesn't lead to full equality:} 14. Bxc4 Qxc4 15. b3 Qa6 16. Nd4 Bd7
17. c4 $14) 11... Rfe8 12. h4 {The most aggressive. Magnus is intending to
push his kingside pawns as soon as possible.} (12. h3 Be4 13. Bd5 Bf6 14. g4 g6
{looks very solid for Black.}) 12... Bf8 {This move looks somewhat passive,
but Fabiano searches for counterplay along the e-file.} (12... Bf6 13. Bg5 $1
Be5 14. Nd4 Bxd4 15. cxd4 d5 16. Bf1 {would have yielded White a definite
advantage due to the pair of bishops.}) 13. h5 h6 14. Be2 $1 {After this move
Black can hardly stop g2-g4} Bg4 (14... a6 15. Nh2 Be4 16. Rhg1 $36) 15. Nh2
Bxe2 16. Qxe2 Ne5 {This move is connected with loss of time, since White is
going to push the k-side pawns and attack the knight.} ({A safer one was} 16...
Re4 $5 17. Nf1 (17. g4 {is well met by} Rae8 18. Qd3 d5 $1 19. Qxd5 Qxd5 20.
Rxd5 Bd6 $132) 17... Rae8 18. Nd2 R4e5 19. g4 Qe6 {White is still somewhat
better, but Black's counterplay shouldn't be underestimated.}) 17. Bc1 Qc6 18.
f4 (18. g4 $5 Qc4 19. Qxc4 Nxc4 20. b3 Ne5 21. c4 $14 {also would have kept
Black under long-lasting pressure.}) 18... Nc4 19. Qd3 Qe4 {Black manages to
liquidate into the endgame, but it doesn't fully solve his problems.} 20. g4
Ne3 21. Rde1 Qxd3 22. cxd3 Nd5 23. Reg1 $1 {White reasonably prefers to keep
both rooks on the board.} (23. g5 $6 {would be premature:} Rxe1 24. Rxe1 g6 $1
{and the initiative is almost gone.}) 23... Re6 $6 ({Much better was} 23... Re2
$1 24. g5 Kh7 25. Ng4 Rae8 {, and the activity of rooks offers Black definite
counter-play. For instance,} 26. g6+ (26. f5 hxg5 27. Bxg5 Be7 28. Bxe7 R8xe7
29. c4 Nf6 $11) 26... Kg8 27. f5 f6 28. c4 Nb4 $132) 24. g5 Ne7 $6 {This is
too passive.} ({After} 24... Kh7 25. Ng4 Re2 26. f5 hxg5 27. Bxg5 Be7 28. Bxe7
Rxe7 29. h6 g6 30. fxg6+ fxg6 31. Rf1 $16 {The h-passer also would have put
Black in danger, but it was the lesser evil.}) 25. gxh6 Rxh6 26. f5 Rh7 27. Ng4
(27. f6 $1 {was stronger:} Nd5 28. fxg7 Rxg7 29. Rf1 Re8 30. h6 Rg6 31. Nf3 $18
{and Black doesn't seem to withstand the pressure.}) 27... Kh8 28. f6 Ng8 29.
fxg7+ {This inaccuracy enables Black to activate the pieces.} ({More energetic
was} 29. h6 $1 Nxf6 ({Black is almost paralysed also after} 29... gxf6 30. Rf1
Re8 31. Be3 c5 32. c4) 30. Nxf6 gxf6 31. Re1 {White is dominating over the
board, and he should be able to win.}) 29... Rxg7 30. Be3 c5 $1 {It's
necessary to cover the d4-square.} 31. Bf4 $6 {Another step in the wrong
direction.} ({A much stronger move was} 31. Bd2 $1 Re8 (31... Kh7 32. Nf2 $16)
32. c4 Re6 33. Bc3 f6 34. Rg3 $16 {and Black is still doomed to passive
defence.}) 31... Re8 $1 32. Ne3 Rxg1+ 33. Rxg1 Re6 {Black's pieces are slowly
getting out now.} 34. Nd5 Nf6 35. Nc7 Re2 36. Nb5 Re6 $1 {A cool-blooded reply,
that makes it difficult for White to make real progress.} 37. Rf1 $6 {Spoiling
all the advantage.} ({The last chance was} 37. Nxa7 Kh7 38. Rh1 Ng4 39. Nb5 Nf2
40. Rf1 Nxd3 41. Bxd6 $1 Bxd6 42. Rxf7+ Kh6 43. Rd7 Re1+ 44. Kc2 c4 45. Rxd6+
Kxh5 $14 {Black is very active, but the draw isn't guaranteed yet.}) 37... Kg8
38. Nc7 {Accepting a draw by repetition.} (38. Nxa7 Nxh5 39. Bc1 Rf6 40. Rg1+
Rg6 {is fine for Black.}) 38... Re2 39. Nb5 Re6 40. Nc7 Re2 41. Nb5 Re6 1/2-1/2

[Event "Wichern op 5th"]
[Site "Hamburg"]
[Date "1999.10.22"]
[Round "9.3"]
[White "De Firmian, Nick E"]
[Black "Rozentalis, Eduardas"]
[Result "1/2-1/2"]
[WhiteElo "2598"]
[BlackElo "2586"]
[Annotator "Rozentalis,E"]
[PlyCount "110"]
[EventDate "1999.10.15"]
[EventType "swiss"]
[EventRounds "9"]
[EventCountry "GER"]
[SourceTitle "EXT 2001"]
[Source "ChessBase"]
[SourceDate "2000.11.22"]
[SourceVersion "1"]
[SourceVersionDate "2000.11.22"]
[SourceQuality "1"]

1. e4 e5 2. Nf3 Nf6 3. Nxe5 d6 4. Nf3 Nxe4 5. d4 d5 6. Bd3 Bd6 7. O-O O-O 8. c4
c6 9. cxd5 cxd5 10. Nc3 Nxc3 11. bxc3 Bg4 12. Rb1 Nd7 13. h3 Bh5 14. Rb5 Nb6
15. c4 Bxf3 16. Qxf3 dxc4 17. Bc2 Qd7 18. a4 g6 19. Be3 Rac8 (19... Rfd8 $6
$146 20. Rfb1 Be7 21. Be4 Rab8 22. Bf4 Bd6 23. a5 $16 {Voitsekhovsky-Kochyev,
Chigorin mem 1999}) 20. Rfb1 c3 21. a5 (21. h4 $5 Nc4 22. Rxb7 Rc7 23. Rxc7
Bxc7 24. h5 Nxe3 25. fxe3 Re8 $11 {, Kuczynski- Rozentalis Warszawa 1999})
21... Nc4 22. Rxb7 Rc7 $146 (22... Qe6 $2 23. Rc1 $2 (23. Bb3 $1 $16 {pinning
the knight}) 23... Nxe3 $11 {,  Kazhgaleyev-Arencibia, Elista (ol) 1998}) 23.
a6 Nxe3 $2 {Black overestimates his position. It was better going for the draw.
} (23... Nd2 24. Bxd2 cxd2 25. Qe3 Qc6 $11) 24. fxe3 Rfc8 25. Kh1 $5 (25. e4
Bf8) 25... Bf8 $2 {This leaves the pawn on f7, where it will be vulnerable.} (
25... Kg7 26. Rf1 Qe7 27. e4 f6 $11) 26. Rf1 $16 Bh6 27. Bb3 Rf8 $2 {Looses.
The only chance was:} (27... Kh8 28. Qf6+ Bg7 29. Qxf7 $16) 28. e4 $2 (28. Rxc7
Qxc7 29. Qb7 $18 {And the weakness of f7 makes black position undefendable.})
28... Rxb7 29. axb7 Qxb7 30. Qxc3 Qxe4 31. Qc7 Qe3 $6 {Waste of time.} ({
Black could push the pawn,} 31... a5 32. Bc4 {because white can't take the pawn
} (32. Rxf7 $2 Qb1+) 32... Kh8) (31... Qxd4 $2 32. Rxf7 $18) 32. Bxf7+ Kh8 33.
Qe5+ $138 (33. Qxa7 $2 Bf4 $40 {with strong threats on b8-h2 diagonal.}) (33.
d5 Bg7 34. d6 Qd3 35. Re1 Qd2 36. Rf1 Qd3 $11) 33... Qxe5 34. dxe5 Kg7 35. e6
Bg5 $15 {Black has got slightly better ending, because of stuck bishop on f7.
However, position is drawish.} 36. Ra1 Ra8 37. Ra6 Be7 38. g3 Kf6 39. Kg2 Bc5
40. h4 Rb8 41. h5 g5 42. g4 Rb4 43. Kf3 Rf4+ 44. Kg3 Bf2+ 45. Kh3 Bb6 46. h6 $5
(46. Kg3) 46... Ke7 47. Ra2 Rf6 48. Rd2 Rxh6+ 49. Kg2 Rf6 50. Rd7+ Kf8 51. Kg3
$132 h6 52. Rb7 Bc5 53. Rb8+ Ke7 54. Rb7+ Kf8 (54... Kd8 $4 55. Rd7+ Kc8 56. e7
$18) 55. Rb8+ Ke7 1/2-1/2

[Event "Bundesliga 9900"]
[Site "Germany"]
[Date "1999.10.09"]
[Round "1.1"]
[White "Shirov, Alexei"]
[Black "Rozentalis, Eduardas"]
[Result "1-0"]
[WhiteElo "2734"]
[BlackElo "2586"]
[Annotator "Rozentalis,E"]
[PlyCount "83"]
[EventDate "1999.10.09"]
[EventType "team-tourn"]
[EventRounds "15"]
[EventCountry "GER"]
[SourceTitle "EXT 2000"]
[Source "ChessBase"]
[SourceDate "1999.11.16"]
[SourceVersion "1"]
[SourceVersionDate "1999.11.16"]
[SourceQuality "1"]
[WhiteTeam "Luebeck"]
[BlackTeam "Castrop Rauxel"]
[WhiteTeamCountry "GER"]
[BlackTeamCountry "GER"]

1. e4 e5 2. Nf3 Nf6 3. Nxe5 d6 4. Nf3 Nxe4 5. d4 d5 6. Bd3 Bd6 7. O-O O-O 8. c4
c6 9. Re1 Bf5 10. Qb3 Na6 11. cxd5 cxd5 12. Nc3 Be6 13. a3 ({Only draw after} 
13. Qxb7 Nb4 14. Bxe4 Rb8 $11) 13... Nc7 14. Qa4 $146 (14. Qc2 f5 {,
Popovic-Fahnenschmidt 1988}) (14. Qd1 $146 Nxc3 15. bxc3 Bg4 $1 16. Bb1 Bh5 17.
Qc2 Bg6 18. Qb3 b5 19. Bxg6 hxg6 20. a4 Qd7 21. a5 Rfe8 {, 1/2: 1/2- V.
Yemelin- E.Rozentalis, Hamburg (op) 1999}) 14... f5 15. Ne2 f4 $5 16. Nc3 (16.
Qc2 Ng5 17. Nxg5 Qxg5 18. Bxh7+ Kh8 {and black has dangerous attack.}) 16...
Ng5 17. Ne5 f3 18. g3 $6 {Allows black to swap white-coloured bishops. Better
was:} (18. Qc2 $142 Kh8 19. g3) 18... Nh3+ 19. Kf1 Bf5 $1 20. Bxf5 Rxf5 21. Bd2
Qf6 22. Re3 ({The best was} 22. Rac1 $1 $13 {with very unclear chances.}) 22...
Bxe5 23. dxe5 Qe6 24. Qg4 $2 {Leads to big advantage for black.} ({Again} 24.
Rc1 Ng5 $140 25. g4 $13 {was the only possibility.}) 24... Ng5 $17 {(25...h5,
25...Nf7)} 25. Ree1 Nf7 26. Bf4 h5 $4 (26... g5 $1 27. Bd2 (27. Rad1 Nh6) 27...
Nxe5 28. Qh5 (28. Qd4 Rf4) 28... g4 29. Qh4 {Now white finds excellent chance.}
Qg6 $19 {was winning.}) 27. Qxf3 (27. Qh3 $2 g5) 27... g5 28. Ne2 $3 gxf4 (
28... Nxe5 29. Qc3 Nb5 30. Qb3) 29. Nd4 Qa6+ (29... Qg6 30. Nxf5 Qxf5 31. Qxf4
Qxf4 32. gxf4 Nh6 33. e6 $16) 30. Kg2 $1 ({It is better than} 30. Kg1 {, as
white now controls f3 square.}) 30... Rxe5 (30... Rg5 31. e6 Nd6 32. Qxf4 $36)
(30... Nxe5 31. Qc3) 31. Rxe5 Nxe5 32. Qxf4 Re8 33. Rc1 $1 {The key move of
the combination: awkward position of the knight.} (33. Re1 $2 Nf7 $19) 33...
Qb6 34. Qg5+ (34. Nf5 Re6 35. Qg5+ Ng6) 34... Ng6 $4 {The loosing move,
instead of still holding a draw:} (34... Kf8 $8 35. Nf5 Ne6 36. Qh6+ Kg8 37.
Qxh5 Qd8 $11) 35. Rxc7 Qxc7 36. Qxg6+ Kf8 37. Ne6+ Rxe6 38. Qxe6 $18 Qc4 39.
Qh6+ Ke7 40. Qxh5 d4 41. Qe5+ Kd7 42. Qe4 1-0

[Event "North Sea Cup 16th"]
[Site "Esbjerg"]
[Date "2001.07.09"]
[Round "4"]
[White "McShane, Luke J"]
[Black "Rozentalis, Eduardas"]
[Result "1/2-1/2"]
[WhiteElo "2511"]
[BlackElo "2588"]
[Annotator "Rozentalis,E"]
[PlyCount "54"]
[EventDate "2001.07.06"]
[EventType "tourn"]
[EventRounds "9"]
[EventCountry "DEN"]
[EventCategory "14"]
[SourceTitle "CBM 085"]
[Source "ChessBase"]
[SourceDate "2001.11.13"]
[SourceVersion "1"]
[SourceVersionDate "2001.11.13"]
[SourceQuality "1"]

1. e4 e5 2. Nf3 Nf6 3. Nxe5 d6 4. Nf3 Nxe4 5. c4 Be7 6. Be2 O-O 7. O-O Nc6 8.
Nc3 Nxc3 9. dxc3 Bf6 10. Be3 Re8 11. Qd2 Ne5 12. h3 b6 13. Rad1 Bb7 14. Nh2 Qd7
15. Ng4 Qf5 16. Nxf6+ Qxf6 17. Kh2 Qf5 18. b3 Re6 19. Rg1 Rae8 20. Rde1 h5 21.
Qd1 g6 22. Qd2 Qf6 23. Rgf1 c5 24. Bd1 Qf5 25. Bc2 Qf6 ({Black pieces dominate
in the centre. White is passive but solid.} 25... Nf3+ $2 {just looses:} 26.
gxf3 Qxf3 27. Rg1) ({but there was another interesting possibility:} 25... Qf3
$5 26. gxf3 ({White is obliged to accept the sacrifice, otherwise he looses
immediately:} 26. Rg1 Qxg2+ 27. Rxg2 Nf3+) 26... Nxf3+ 27. Kg3 h4+ 28. Kg4 (28.
Kf4 $2 Rf6+ 29. Kg4 Bc8+ 30. Bf5 Rxf5 31. Bf4 Nxe1 {and Black wins.}) 28... f5+
29. Bxf5 $1 {The best and the only. White returns the queen and equal endgame
arises. I haven't seen all the other variations, but saw this draw, so I
declined this tempting chance. However, White is loosing if he tries to keep
the queen:} (29. Kf4 $2 g5+ 30. Kxf5 Re5+ 31. Kg4 ({or} 31. Kg6 R8e6+ 32. Kh5
Nxd2 {followed by Bf3x.}) 31... Nh2+ 32. Kh5 Kg7 $3 {all the pieces have to
take part in attack!} 33. Bf5 (33. Bxg5 {doesn't help-} Rh8+) 33... Rxf5 34.
Bd4+ cxd4 35. Qxd4+ Ree5 36. f3 Bc6 37. Rxe5 Rxe5 38. Qxe5+ dxe5 {and Black
wins.}) 29... gxf5+ 30. Kf4 $1 ({White shouldn't be greedy again:} 30. Kxf5 $2
Kf7 $1 {with the threats Rf6 and Re4.} 31. Bg5 Rxe1 32. Rxe1 Bc8+ 33. Kf4 Nxd2
{and Black wins.}) 30... Nxd2 31. Bxd2 {and draw is inevitable.}) 26. Bd1 ({
White has to control the key square f3. Any inaccurate move is harmful:} 26. f4
$2 Nf3+ 27. gxf3 Rxe3) (26. Bg5 $2 Nf3+ 27. gxf3 Qxf3 28. Rg1 Rxe1) 26... Qf5
27. Bc2 (27. f4 Nd3 28. Bc2 Be4 $17) 27... Qf6 1/2-1/2

[Event "Bundesliga 1617"]
[Site "Germany"]
[Date "2016.12.03"]
[Round "5.3"]
[White "Anand, Viswanathan"]
[Black "Jobava, Baadur"]
[Result "1/2-1/2"]
[WhiteElo "2776"]
[BlackElo "2698"]
[Annotator "Sagar Shah"]
[PlyCount "76"]
[EventDate "2016.10.15"]
[EventType "team-tourn"]
[EventRounds "15"]
[EventCountry "GER"]
[SourceTitle "CBM 176"]
[Source "ChessBase"]
[SourceDate "2017.01.17"]
[SourceVersion "1"]
[SourceVersionDate "2017.01.17"]
[SourceQuality "1"]
[WhiteTeam "Baden-Baden"]
[BlackTeam "Hockenheim"]
[WhiteTeamCountry "GER"]
[BlackTeamCountry "GER"]

{This is the first time that Vishy Anand and Baadur Jobava sat opposite each
other for a chess game. Anand is known for his active style, but he sticks to
well established rules. Jobava on the other hand likes to play complex chess
even if it means playing unsound moves. Hence, this encounter was quite
interesting to watch for the chess fans.} 1. e4 e5 2. Nf3 Nf6 {Baadur Jobava
playing the Petroff is like Mikhail Tal playing the Berlin! This is clearly a
case of high respect for the opponent. As we shall see, soon things do become
completely unclear!} 3. Nxe5 d6 4. Nf3 Nxe4 5. d4 d5 6. Bd3 Bd6 (6... Nc6 {
is one of the main lines.}) (6... Be7 {is another main option.}) 7. O-O O-O {
You can say that Black has an extra tempo at this point which he has used to
move his knight from f6 to e4. The knight is not so secure on this square and
this is exactly the point that White tries to exploit.} 8. c4 c6 9. Nc3 {
With pressure on d5 and e4, the exchange on c3 becomes necessary.} Nxc3 10.
bxc3 dxc4 (10... Bg4 {is a reasonable alternative.}) 11. Bxc4 {This is all
well known and the main move here 11...Bg4. But Baadur went for an unknown
line which is not played very often.} Nd7 (11... Bg4 12. Qd3 $1 ({
Interestingly in 1981 when Anand was just 12 years old, his opponent Arvind
Aaron played this move with White.} 12. Bd3 Nd7 13. h3 Bh5 14. Re1 h6 $2 {
Understandably Black would like to prevent Ng5. But this move weakens his
kingside.} (14... Nf6 {is preferable.}) 15. Bd2 Nf6 16. Rb1 b6 17. c4 $14 {
1-0 (46) Aaron,A-Anand,V Tamil Nadu 1981 EXT 2011 [Bulletin]}) (12. h3 Bh5 13.
Re1 Nd7 14. Bf1 Re8 15. Rxe8+ Qxe8 16. Be3 b5 17. a4 a6 18. axb5 axb5 19. Rxa8
Qxa8 $10 {1/2-1/2 (40) Ehlvest,J (2650)-Anand,V (2635) Linares 1991 CBM 022})
12... Nd7 13. Ng5 Nf6 14. h3 Bh5 15. f4 $36 {It looks like White has the
initiative, but Black can defend after} h6 $1 16. g4 hxg5 17. fxg5 b5 18. Bb3
Nxg4 19. hxg4 Qd7 $1 $15 (19... Bxg4 20. g6 $13)) 12. Re1 h6 {Preparing to
play ...Nf6 when Bg5 will not be possible.} (12... Nf6 13. Bg5 $14 {is quite
an irritating pin.}) 13. Ne5 $6 {This simplifies the position too soon.} (13.
Qc2 $1 {The threat is to take on h6 followed by Qg6+} Nb6 (13... Nf6 $2 14.
Bxh6 $1 gxh6 15. Qg6+ Kh8 16. Qxh6+ Kg8 17. Ne5 $18) (13... b5 14. Bb3 Qf6 {
Trying to prevent Bxh6.} 15. Qe4 $16) 14. Bd3 Be6 15. c4 $14 {is the right way
for White to proceed. He has the nice central pawns which will push back the
black pieces.}) 13... Nxe5 $1 (13... Bxe5 14. dxe5 Nb6 15. Bd3 $14 {White
retains the queens and has good attacking chances.}) (13... Nf6 14. Qb3 $1 $14)
14. dxe5 Bc5 15. Qh5 {Anand gets his queen into the attacking zone. He is now
threatening moves like Bxh6 and it is not so easy to stop these ideas. But
Baadur has calculated well.} Be6 $1 {Jobava sees that a sacrifice on h6 is
possible, but he has a counter sacrifice prepared.} ({Let's see how a neutral
move loses in this position.} 15... Qe7 $2 16. Bxh6 gxh6 17. Qg6+ Kh8 18. Qxh6+
Kg8 19. Re4 $18 {The rook is threatening to go to h4 and there is no good way
to stop the mate along the h-file.} (19. Bd3 {is also quite strong.} f5 (19...
f6 20. exf6 {leads to the same position}) 20. exf6 (20. Bc4+ $1 {is even
stronger as after} Rf7 21. Rad1 $18 {White is just winning}) 20... Rxf6 21.
Qg5+ Qg7 22. Bc4+ Kh8 23. Qxc5 $18)) (15... b5 {is also possible, but gives
White an additional opportunity.} 16. e6 $1 (16. Bb3 Be6 {is similar to the
game}) 16... Bxf2+ 17. Kxf2 Qf6+ 18. Kg1 bxc4 19. Ba3 Bxe6 20. Bxf8 Rxf8 $44)
16. Bxh6 {This move had to be made.} gxh6 (16... Bxc4 $2 17. Qg4 $1 g6 18. Qxc4
$18 (18. Bxf8 $2 Be6 19. Qxe6 Bxf2+ (19... fxe6 20. Bxc5 $15) 20. Kxf2 fxe6 $17
)) 17. Bxe6 {Taking the bishop on e6 would be a mistake as Qg6+ would end the
game. But here comes the counter shock!} Bxf2+ $1 (17... fxe6 18. Qg6+ Kh8 19.
Qxh6+ Kg8 20. Re4 $1 {The rook lift is immediately decisive.} Bxf2+ 21. Kh1 $18
) 18. Kxf2 (18. Kh1 $2 Qg5 $1 $19 {This move is easy to miss. The attack is
stopped and White is simply losing material.} (18... Bxe1 {leads to just a
draw.} 19. Qg6+ Kh8 20. Qxh6+ Kg8 21. Qg6+ Kh8 22. Qh6+ Kg8 23. Rxe1 (23. Bf5 {
would have been nice, but falls short because of} Qh4 $1 $19) 23... fxe6 24.
Qg6+ $11 {There is no way to get the rook into the game because of the back
rank weakness.})) 18... fxe6+ {There's the discovered check!} 19. Kg1 Qg5 $1 {
The queen joins in the game and it is Black who takes over the initiative.
Great defence by Baadur.} 20. Qh3 (20. Qxg5+ {might well have been a better
decision.} hxg5 21. Rad1 Rad8 $11 {Both sides have no real issues and the game
should end in a draw.}) 20... Rf5 21. Rab1 (21. Re4 h5 $15) 21... b6 22. Qd3
Rd8 $1 {True to his active style Baadur activates his last passive piece.} 23.
Qc4 Rd2 $1 {Black loses two pawns but his activity clearly compensates for the
material deficit.} 24. Qxe6+ Kg7 (24... Kh8 25. Qxc6 Rff2 {would transpose to
the game.}) 25. Qxc6 Rff2 {[%csl Gd2,Gf2,Gg5] White is two pawns up, but look
at Black's activity! It's fearsome! Anand has to be careful.} 26. Qb7+ (26. g3
Qh5 $1 {A powerful move which ends the game.} (26... Rxh2 27. Qb7+ Kh8 28. Qa8+
$11) 27. Qb7+ Rf7 28. Qh1 Qf5 29. Rf1 Rf2 $1 30. Rfe1 Rxa2 {Picking up this
pawn is important as now you can transpose into a winning pawn endgame.} 31.
Rf1 Qxf1+ 32. Rxf1 Rxf1+ 33. Kxf1 Ra1+ 34. Kg2 Rxh1 35. Kxh1 a5 $19) 26... Kh8
(26... Rf7 27. Qe4 Rff2 28. Qb7+ {Black has to play ...Kh8 like in the game in
order to make progress.}) 27. Qa8+ Qg8 {Black has to play this in order to
avoid the perpetual. His doubled rooks on the second rank give him some
chances.} 28. Qxg8+ Kxg8 29. Kh1 $1 {The final accurate move of the game. Can
you see Anand's point?} Rxg2 30. Rg1 $1 {[%cal Gg1g8] That's it. The rooks are
exchanged and the game ends in a draw.} Rxg1+ 31. Rxg1+ Kf7 $11 32. a4 Ra2 33.
Rg4 Ke6 34. Kg1 (34. Re4 Rc2 $11) 34... Kxe5 35. Rh4 Kd5 36. Kf1 Ke5 37. Kg1
Kd5 38. Kf1 Ke5 {A thoroughly entertaining game that can be dubbed as the
"exchange of bishop sacrifices"!} 1/2-1/2